Tombstone's treasure (Record no. 48753)
[ view plain ]
| 000 -LEADER | |
|---|---|
| fixed length control field | 01889nam a2200409 a 4500 |
| 082 04 - DEWEY DECIMAL CLASSIFICATION NUMBER | |
| Classification number | 979.1/53 |
| 100 1# - MAIN ENTRY--AUTHOR NAME | |
| Personal name | Monahan, Sherry A. |
| 245 10 - TITLE STATEMENT | |
| Title | Tombstone's treasure |
| 260 ## - PUBLICATION, DISTRIBUTION, ETC. (IMPRINT) | |
| Place of publication | Albuquerque : |
| Name of publisher | University of New Mexico Press, |
| Year of publication | 2007. |
| 300 ## - PHYSICAL DESCRIPTION | |
| Number of Pages | xvi, 199 p. : |
| Other physical details | ill., maps. |
| 505 0# - FORMATTED CONTENTS NOTE | |
| Formatted contents note | Settin' up camp : Tombstone's discovery and its silver mines -- A hearty welcome : Tombstone's saloons -- Drunk, disorderly, and just plain offensive -- Idling around town : entertainment in Tombstone. |
| 650 #0 - SUBJECT ADDED ENTRY--TOPICAL TERM | |
| Topical Term | Frontier and pioneer life |
| Topical Term | Bars (Drinking establishments) |
| Topical Term | Silver mines and mining |
| Topical Term | Amusements |
| 700 1# - ADDED ENTRY--PERSONAL NAME | |
| Personal name | Bell, Bob Boze. |
| 856 40 - ELECTRONIC LOCATION AND ACCESS | |
| Uniform Resource Identifier | http://site.ebrary.com/lib/rucke/Doc?id=10639519 |
No items available.
